Дело по предписанию господина директора о найме для пьесы "Блокада Ахты" плотников для работ в театре-цирке, с платой по 11 рубл...

Доступно только в Электронных читальных залах Найти на картеНа карте
RUSMARC
00003791nmc2a22000003x 450
0014fff0f2e-d000-47d6-bc57-549c1b1fe72e
00520190109204056.0
100##$a20170705l18491849k l0rusy0189 ca
1010#$arus
102##$aRU
2001#$aДело по предписанию господина директора о найме для пьесы "Блокада Ахты" плотников для работ в театре-цирке, с платой по 11 рублей 40 копеек серебром в месяц
$j5 декабря 1849 г.
251##$cДело
300##$aПо Санкт-Петербургской дирекции за 1849 год
300##$aДело
801#0$aRU
$bРГИА
$c20170705
$gRCR
801#1$aRU
$bГлавНИВЦ
$c20170705
$2rusmarc
801#2$aRU
$bПБ им. Б.Н. Ельцина
$c20190109
$gRCR
$2rusmarc
850##$aРГИА
852##$aРГИА
$eФедеральное казенное учреждение "Российский государственный исторический архив" (РГИА)
$j12438
937##$hРГИА
$d12247300
$aASBIBLIO_SCAN
462#0$1001dd3991dc-24e1-42ec-8838-ca4255420416
$12001
$a1746-1850 гг.
$1251
$cОпись
$1852
$j1
461#0$10019264ebf8-de62-4f1a-9eb4-9f22098dbbd5
$12001
$aДирекция императорских театров МИДв
$1251
$cФонд
$1852
$j497
215##$a5 л.
$d36,5х26 см
371##$aДокумент не является опубликованным и широко распространяемым
105##$ay###
1220#$ad
035##$a4fff0f2e-d000-47d6-bc57-549c1b1fe72e
856##$uhttp://readingroom.main.prlib.ru/item.aspx?id_node=n122798644&mode=full
Формат отображения